[Event "Titled Tue 27th May Early"]
[Site "chess.com INT"]
[Date "2025.05.27"]
[Round "9"]
[White "Krzywda, Andrzej"]
[Black "Nakonechnyi, Oleksii"]
[Result "0-1"]
[WhiteTitle "CM"]
[BlackTitle "CM"]
[WhiteElo "2175"]
[BlackElo "2224"]
[WhiteFideId "1114565"]
[BlackFideId "34173714"]
[EventDate "2025.05.27"]

1. e4 c5 2. Nf3 e6 3. d4 cxd4 4. Nxd4 Nc6 5. Bf4 a6 6. Nxc6 bxc6 7. c4 Qb6 8.
Qd2 Nf6 9. Nc3 Bb4 10. Bd3 d6 11. a3 Bxc3 12. Qxc3 e5 13. Be3 c5 14. O-O O-O 15.
b4 Nd7 16. Rab1 Qc7 17. f4 Rb8 18. Kh1 cxb4 19. axb4 Bb7 20. c5 dxc5 21. bxc5
Bc6 22. fxe5 Rxb1 23. Rxb1 Rb8 24. Bd4 Rxb1+ 25. Bxb1 Qb7 26. Bd3 Nf8 27. Qc2
Ne6 28. Be3 Qb4 29. h3 a5 30. Kh2 a4 31. Bc4 Qb8 32. Qc3 Qc8 33. Bd5 h6 34. g3
Qd7 35. Qd3 Qb7 36. Qc4 Qb2+ 37. Kg1 Bb5 38. Qc1 Qxe5 39. c6 Qxg3+ 40. Kh1 Qxh3+
41. Kg1 Qg3+ 42. Kh1 Be2 0-1

[Event "Titled Tue 27th May Early"]
[Site "chess.com INT"]
[Date "2025.05.27"]
[Round "9"]
[White "Birkisson, Bjorn Holm"]
[Black "Yushko, Olga"]
[Result "1-0"]
[WhiteTitle "CM"]
[BlackTitle "WFM"]
[WhiteElo "2123"]
[BlackElo "2036"]
[WhiteFideId "2310600"]
[BlackFideId "14114500"]
[EventDate "2025.05.27"]

1. Nf3 Nf6 2. e3 e6 3. d4 d5 4. Bd3 c5 5. c3 Nc6 6. O-O Be7 7. Nbd2 O-O 8. dxc5
Bxc5 9. b4 Bd6 10. Bb2 e5 11. e4 dxe4 12. Nxe4 Nxe4 13. Bxe4 Bg4 14. h3 Bh5 15.
a3 Kh8 16. c4 f5 17. Bxc6 bxc6 18. c5 e4 19. Qd4 Rf6 20. cxd6 exf3 21. d7 Rf7
22. Rfd1 fxg2 23. Rd3 Re7 24. Kxg2 a5 25. Re1 Be8 26. Rxe7 Qxe7 27. d8=Q Rxd8
28. Qxd8 Qe4+ 29. Rf3 f4 30. Qd4 Qg6+ 31. Kh2 c5 32. Qxf4 h5 33. Rg3 Qe6 34.
Rxg7 Bc6 35. Re7+ 1-0

[Event "Titled Tue 27th May Early"]
[Site "chess.com INT"]
[Date "2025.05.27"]
[Round "9"]
[White "Melikhov, Evgeny V."]
[Black "Perry, Patrick"]
[Result "1/2-1/2"]
[WhiteTitle "FM"]
[WhiteElo "2154"]
[BlackElo "2296"]
[WhiteFideId "4122046"]
[BlackFideId "30917727"]
[EventDate "2025.05.27"]

1. d4 Nf6 2. c4 e6 3. Nc3 c5 4. d5 exd5 5. cxd5 d6 6. Nf3 Nbd7 7. e4 Be7 8. Bd3
O-O 9. O-O Re8 10. h3 Nf8 11. Bf4 Ng6 12. Bh2 Nh5 13. Qd2 Bf6 14. Rae1 Be5 15.
Nxe5 dxe5 16. Be2 Nhf4 17. Bg4 Bxg4 18. hxg4 Qg5 19. Qd1 h5 20. f3 hxg4 21. fxg4
c4 22. Rf3 Qxg4 23. Rg3 Qxd1 24. Rxd1 a6 25. d6 b5 26. Kf1 Red8 27. Rf3 Nd3 28.
Rfxd3 cxd3 29. Rxd3 Rac8 30. Bg1 Rd7 31. Bb6 f6 32. Bc7 Kf7 33. Nd5 Nf4 34. Nxf4
exf4 35. Rd5 Rcxc7 36. dxc7 Rxc7 37. Rd6 Rc1+ 38. Kf2 Rc2+ 39. Kf3 Rxb2 40. Rxa6
g5 41. g3 fxg3 42. Kxg3 Rb4 43. Kf3 Ra4 44. Rb6 b4 45. e5 f5 46. Rf6+ Kg7 47.
Rxf5 Rxa2 48. e6 Ra6 49. Rxg5+ Kf6 50. Rb5 Rxe6 51. Rxb4 Re5 52. Rf4+ Rf5 53.
Rxf5+ Kxf5 1/2-1/2

[Event "Titled Tue 27th May Early"]
[Site "chess.com INT"]
[Date "2025.05.27"]
[Round "9"]
[White "Dovgaliuk, Oleksandr"]
[Black "Danzer, George"]
[Result "0-1"]
[BlackTitle "CM"]
[WhiteElo "2240"]
[BlackElo "2172"]
[WhiteFideId "14167247"]
[BlackFideId "4659465"]
[EventDate "2025.05.27"]

1. Nc3 d5 2. e4 dxe4 3. Nxe4 g6 4. Nf3 Bg7 5. d4 Nf6 6. Nxf6+ exf6 7. Qe2+ Qe7
8. Bf4 Qxe2+ 9. Bxe2 c6 10. Bd6 Be6 11. O-O-O Nd7 12. Rhe1 O-O-O 13. Kb1 Nb6 14.
Bc5 Kb8 15. h3 Rhe8 16. Bd3 Bd5 17. Rxe8 Rxe8 18. Re1 Rd8 19. Bxb6 axb6 20. Be4
Kc7 21. Bxd5 Rxd5 22. c4 Rd7 23. Re8 f5 24. d5 cxd5 25. cxd5 Rxd5 26. Re7+ Rd7
27. Rxd7+ Kxd7 28. Ng5 Ke7 29. a4 h6 30. Nf3 Kd6 31. Kc2 Kd5 32. b3 Bd4 33. Nxd4
Kxd4 34. Kd2 f4 35. Kc2 h5 36. Kd2 h4 37. Kc2 f3 38. gxf3 Ke5 39. Kd3 Kf4 40.
Ke2 g5 41. b4 f6 42. b5 f5 43. Ke1 Kxf3 44. Kf1 g4 45. hxg4 fxg4 46. Kg1 h3 47.
Kf1 h2 0-1

[Event "Titled Tue 27th May Early"]
[Site "chess.com INT"]
[Date "2025.05.27"]
[Round "9"]
[White "Mora Munoz, Alejandro"]
[Black "Barrientos, Ernesto"]
[Result "0-1"]
[WhiteTitle "FM"]
[BlackTitle "CM"]
[WhiteElo "2147"]
[BlackElo "2027"]
[WhiteFideId "4469844"]
[BlackFideId "3701247"]
[EventDate "2025.05.27"]

1. e4 c5 2. Nf3 Nc6 3. d4 cxd4 4. Nxd4 Nf6 5. Nc3 e5 6. Ndb5 d6 7. Nd5 Nxd5 8.
exd5 Nb8 9. a4 Be7 10. Be2 O-O 11. O-O f5 12. Bd2 a6 13. Na3 a5 14. Nc4 Nd7 15.
f4 g6 16. fxe5 Nxe5 17. Bc3 Nxc4 18. Bxc4 Bf6 19. Qd2 Bd7 20. b3 Bxc3 21. Qxc3
Qb6+ 22. Kh1 Rae8 23. Rae1 Qc5 24. Qg3 Qd4 25. h4 f4 26. Qg5 Rxe1 27. Rxe1 f3
28. gxf3 Qf2 29. Re2 Qxf3+ 30. Qg2 Qf4 31. Re4 Qc1+ 32. Kh2 Bf5 33. Re2 Qf4+ 34.
Qg3 Qd4 35. h5 Bg4 36. Rg2 Bxh5 37. Qxd6 Qh4+ 38. Kg1 Qd4+ 39. Kh2 Bf3 40. Qe6+
Kh8 41. Qe7 Rf5 42. Rg5 Qf4+ 43. Kh3 Rxg5 44. Qd8+ Kg7 45. Qe7+ Kh6 0-1

[Event "Titled Tue 27th May Early"]
[Site "chess.com INT"]
[Date "2025.05.27"]
[Round "9"]
[White "Nikologorskiy, Konstantin"]
[Black "Fikiet, Alex"]
[Result "1-0"]
[WhiteTitle "IM"]
[WhiteElo "2413"]
[BlackElo "2151"]
[WhiteFideId "24111708"]
[BlackFideId "2052717"]
[EventDate "2025.05.27"]

1. c4 e5 2. Nc3 Bb4 3. Nd5 Be7 4. e3 Nf6 5. Nc3 d5 6. cxd5 Nxd5 7. Nf3 Nc6 8.
Bb5 O-O 9. O-O Nxc3 10. dxc3 Bd6 11. Bxc6 bxc6 12. e4 Qf6 13. h3 h6 14. Be3 Qg6
15. Qa4 Bxh3 16. Ne1 Bd7 17. f3 Kh8 18. Nd3 f5 19. Nc5 Be8 20. Rad1 f4 21. Bf2
a5 22. Rd2 Rf6 23. Rfd1 Qg5 24. Nb7 Rg6 25. Be1 Be7 26. b4 Qh5 27. Rd3 Bh4 28.
Bxh4 Qxh4 29. Nxa5 Kh7 30. Qc2 c5 31. Rd5 cxb4 32. cxb4 Bf7 33. Rxe5 Be6 34. Qf2 1-0

[Event "Titled Tue 27th May Early"]
[Site "chess.com INT"]
[Date "2025.05.27"]
[Round "9"]
[White "Teterev, Vitaly"]
[Black "Andriienko, Artom"]
[Result "1-0"]
[WhiteTitle "GM"]
[WhiteElo "2258"]
[BlackElo "2153"]
[WhiteFideId "13501429"]
[BlackFideId "34129510"]
[EventDate "2025.05.27"]

1. e4 c5 2. Nf3 d6 3. Bc4 Nf6 4. Qe2 e6 5. O-O Be7 6. Bb3 O-O 7. c3 b6 8. Re1
Ba6 9. d3 Nc6 10. Bf4 Nd7 11. Nbd2 Nde5 12. Bc2 Nxf3+ 13. Nxf3 d5 14. e5 Rc8 15.
g3 d4 16. c4 Bb7 17. h4 h6 18. a3 a6 19. h5 b5 20. Nd2 Bg5 21. Qg4 Bxf4 22. Qxf4
Ne7 23. Bd1 Nf5 24. Bg4 Qg5 25. Qxg5 hxg5 26. Rac1 Nh6 27. Bf3 Bxf3 28. Nxf3 g4
29. Ng5 Nf5 30. Ne4 bxc4 31. Rxc4 Rb8 32. Re2 Rb3 33. Nxc5 Rb5 34. b4 a5 35.
bxa5 Rb1+ 36. Kg2 Rfb8 37. a6 Ra1 38. Ra4 Rbb1 39. f4 Rg1+ 40. Kh2 Rh1+ 41. Kg2
Rag1+ 42. Kf2 Rf1+ 43. Kg2 Rfg1+ 44. Kf2 Rxg3 45. a7 1-0

[Event "Titled Tue 27th May Early"]
[Site "chess.com INT"]
[Date "2025.05.27"]
[Round "9"]
[White "Kravtsiv, Martyn"]
[Black "Lai, Duc Minh"]
[Result "1-0"]
[WhiteTitle "GM"]
[WhiteElo "2598"]
[BlackElo "2072"]
[WhiteFideId "14113147"]
[BlackFideId "12420387"]
[EventDate "2025.05.27"]

1. e4 c5 2. Nc3 Nc6 3. Bb5 Nd4 4. Nf3 a6 5. Bd3 Nxf3+ 6. Qxf3 e6 7. O-O Qc7 8.
b3 Bd6 9. Qh3 Be5 10. Bb2 Ne7 11. f4 Bxf4 12. Rxf4 Qxf4 13. Rf1 Qxd2 14. e5 Qh6
15. Qxh6 gxh6 16. Ne4 Rf8 17. Nf6+ Kd8 18. Nxh7 Rh8 19. Rxf7 b6 20. Bc1 Bb7 21.
Bxh6 Nd5 22. c4 Nb4 23. Bb1 a5 24. Bg5+ Kc7 25. Nf6 Bc6 26. a4 Raf8 27. Rg7 Kc8
28. h4 Na6 29. h5 Nc7 30. h6 Ne8 31. Nxe8 Rxe8 32. h7 Ref8 33. Bf6 1-0

[Event "Titled Tue 27th May Early"]
[Site "chess.com INT"]
[Date "2025.05.27"]
[Round "9"]
[White "Marchesich, Giovanni"]
[Black "Yanev, Tihomir"]
[Result "1-0"]
[WhiteTitle "CM"]
[BlackTitle "IM"]
[WhiteElo "2219"]
[BlackElo "2354"]
[WhiteFideId "2824790"]
[BlackFideId "2910110"]
[EventDate "2025.05.27"]

1. d4 Nf6 2. Nc3 d5 3. Bf4 c6 4. e3 g6 5. h4 h5 6. Nf3 Bg7 7. Ne5 O-O 8. Be2
Nbd7 9. O-O Nxe5 10. Bxe5 Bf5 11. f3 Qd7 12. Bd3 Bxd3 13. cxd3 Rac8 14. e4 dxe4
15. dxe4 e6 16. Qa4 Rfd8 17. Rfd1 Ne8 18. Bxg7 Kxg7 19. d5 cxd5 20. Qd4+ Kg8 21.
exd5 Qe7 22. Qe5 Ng7 23. Ne4 Qxh4 24. d6 Rc6 25. Rac1 Rxc1 26. Rxc1 Ne8 27. g3
Qh3 28. Rc7 Nxc7 29. Nf6+ Kf8 30. Nd7+ Ke8 31. Nf6+ Kf8 32. Nd5 Kg8 33. dxc7 Ra8
34. Ne7+ Kf8 35. c8=Q+ Rxc8 36. Nxc8 h4 37. Qh8# 1-0

[Event "Titled Tue 27th May Early"]
[Site "chess.com INT"]
[Date "2025.05.27"]
[Round "9"]
[White "Khodabandeh, Milad"]
[Black "Rabin, Evan"]
[Result "1/2-1/2"]
[WhiteTitle "CM"]
[WhiteElo "1957"]
[BlackElo "1945"]
[WhiteFideId "12538620"]
[BlackFideId "2028670"]
[EventDate "2025.05.27"]

1. e4 Nf6 2. e5 Nd5 3. c4 Nb6 4. d4 d6 5. f4 dxe5 6. fxe5 Bf5 7. Nc3 e6 8. Be3
Bb4 9. Qb3 Nc6 10. a3 Qh4+ 11. Bf2 Qe4+ 12. Ne2 Bxc3+ 13. Qxc3 O-O-O 14. Rd1 Qg4
15. h3 Qg6 16. Ng3 f6 17. exf6 gxf6 18. Be2 Rhg8 19. Nxf5 Qxf5 20. O-O Rg5 21.
Bh4 Rxg2+ 22. Kxg2 Qe4+ 23. Bf3 Qxh4 24. Bxc6 Rg8+ 25. Kh2 bxc6 26. b3 Nd7 27.
Qe3 f5 28. d5 Nf6 29. Rg1 Ng4+ 30. Rxg4 Rxg4 31. Qxe6+ Kb7 32. Qxc6+ Kb8 33.
Qe8+ Kb7 34. Qc6+ Kb8 35. Qe8+ Kb7 36. Qc6+ 1/2-1/2

[Event "Titled Tue 27th May Early"]
[Site "chess.com INT"]
[Date "2025.05.27"]
[Round "9"]
[White "Nayem, Haque"]
[Black "Sheremetev, Vladislav"]
[Result "0-1"]
[WhiteTitle "FM"]
[BlackTitle "CM"]
[WhiteElo "2180"]
[BlackElo "2160"]
[WhiteFideId "10217754"]
[BlackFideId "54188300"]
[EventDate "2025.05.27"]

1. e4 c5 2. Nf3 d6 3. d4 cxd4 4. Nxd4 Nf6 5. Nc3 a6 6. Rg1 e5 7. Nb3 h5 8. h3
Be6 9. g4 hxg4 10. hxg4 d5 11. exd5 Nxd5 12. Nxd5 Qxd5 13. Be3 Nc6 14. Qxd5 Bxd5
15. O-O-O O-O-O 16. Bb6 Rd7 17. Bd3 e4 18. Be2 Be7 19. g5 Rh2 20. Kb1 Bxb3 21.
axb3 Rxd1+ 22. Bxd1 Bd8 23. Be3 Bc7 24. Bg4+ Kb8 25. g6 fxg6 26. Be6 Ne5 27. Bd5
Rh4 28. Rd1 Ng4 29. Bc5 Rh2 30. Rg1 Nxf2 31. Rxg6 Rh5 32. c4 Nd3 33. Bd4 Rh1+
34. Ka2 Nb4+ 35. Ka3 Nc2+ 36. Ka2 Ra1# 0-1

[Event "Titled Tue 27th May Early"]
[Site "chess.com INT"]
[Date "2025.05.27"]
[Round "9"]
[White "Provaznik, Michal"]
[Black "Mikhailova, Irina"]
[Result "1-0"]
[WhiteTitle "CM"]
[BlackTitle "WGM"]
[WhiteElo "2050"]
[BlackElo "2143"]
[WhiteFideId "315273"]
[BlackFideId "4109040"]
[EventDate "2025.05.27"]

1. e4 c5 2. c3 d5 3. exd5 Qxd5 4. d4 Nf6 5. Nf3 Bg4 6. Be2 e6 7. O-O Nc6 8. h3
Bh5 9. Re1 Be7 10. Na3 O-O 11. Be3 cxd4 12. cxd4 Bxa3 13. bxa3 Rfd8 14. g4 Bg6
15. Qb3 Qxb3 16. axb3 Be4 17. Red1 Bd5 18. b4 Ne4 19. Rdc1 Rac8 20. Ne5 Nxe5 21.
dxe5 Nc3 22. Bf1 a6 23. Bb6 Re8 24. Bc5 Ne4 25. Be3 Nc3 26. Bd4 Nb5 27. Bb2 Bf3
28. a4 Nc7 29. b5 axb5 30. axb5 Nd5 31. Bd4 Nf4 32. b6 Be2 33. Bg2 1-0

[Event "Titled Tue 27th May Early"]
[Site "chess.com INT"]
[Date "2025.05.27"]
[Round "9"]
[White "Korneev Leskova, Svyatoslav"]
[Black "Bold, Andre"]
[Result "1-0"]
[WhiteTitle "CM"]
[BlackTitle "CM"]
[WhiteElo "2172"]
[BlackElo "2235"]
[WhiteFideId "22267565"]
[BlackFideId "16208471"]
[EventDate "2025.05.27"]

1. Nf3 c5 2. e3 Nc6 3. c4 e5 4. Nc3 Nf6 5. g3 d5 6. cxd5 Nxd5 7. Bg2 Nxc3 8.
bxc3 Bd6 9. O-O O-O 10. d4 cxd4 11. cxd4 exd4 12. Nxd4 Nxd4 13. Qxd4 Be7 14. Bb2
Bf6 15. Qxd8 Rxd8 16. Bxf6 gxf6 17. Rfd1 Re8 18. Rd6 Kg7 19. Rc1 Be6 20. Bxb7
Rab8 21. Bd5 Bxd5 22. Rxd5 Rb2 23. Ra1 Rc8 24. a4 Rcc2 25. Rf5 Kg6 26. g4 Rb4
27. h3 Rcc4 28. a5 Ra4 29. Rd1 Rc6 30. Rd8 Kg7 31. Kg2 Ra6 32. Rdd5 Re6 33. Kf3
Ra2 34. Rd7 Ra6 35. Rdd5 Re6 36. h4 Rc6 37. Rc5 Rd6 38. Rfd5 Re6 39. h5 h6 40.
Rc7 f5 41. Rxf5 Rf6 42. Rxf6 Kxf6 43. Rxa7 Kg5 44. Rxf7 Rxa5 45. Rf5+ Rxf5+ 46.
gxf5 Kxh5 47. e4 Kg5 48. Kg3 h5 49. f4+ Kf6 50. Kh4 1-0

[Event "Titled Tue 27th May Early"]
[Site "chess.com INT"]
[Date "2025.05.27"]
[Round "9"]
[White "Berezin, Viktor RUS"]
[Black "Kjaergaard-Jensen, Jesper"]
[Result "0-1"]
[WhiteTitle "FM"]
[BlackTitle "CM"]
[WhiteElo "1921"]
[BlackElo "2081"]
[WhiteFideId "4128869"]
[BlackFideId "1406990"]
[EventDate "2025.05.27"]

1. e4 Nf6 2. e5 Nd5 3. d4 d6 4. c4 Nb6 5. exd6 cxd6 6. Nf3 Bg4 7. h3 Bh5 8. Bd3
e6 9. Nc3 Be7 10. Bf4 a5 11. Nb5 Na6 12. O-O Bg6 13. b3 O-O 14. Re1 Nb4 15. Bxg6
hxg6 16. a3 Na6 17. Rc1 Qd7 18. Nd2 g5 19. Be3 d5 20. Qh5 dxc4 21. bxc4 Nxc4 22.
Nxc4 Qxb5 23. Ne5 Bxa3 24. Rc2 Nb4 25. Rce2 Nd3 26. Nxd3 Qxd3 27. Bxg5 Bb4 28.
Re3 Qxd4 29. Re4 Qd5 30. Rh4 f6 31. Qh7+ Kf7 32. Qh5+ Ke7 33. Qg6 Qxg5 34. Qxg5
fxg5 35. Rhe4 Rf6 36. R1e2 Kf7 37. f3 Bc5+ 38. Kh2 a4 0-1

[Event "Titled Tue 27th May Early"]
[Site "chess.com INT"]
[Date "2025.05.27"]
[Round "9"]
[White "Yilmaz, Mustafa"]
[Black "Le, Quang Liem"]
[Result "1-0"]
[WhiteTitle "GM"]
[BlackTitle "GM"]
[WhiteElo "2586"]
[BlackElo "2729"]
[WhiteFideId "6302718"]
[BlackFideId "12401137"]
[EventDate "2025.05.27"]

1. d4 Nf6 2. c4 e6 3. Nf3 d5 4. Nc3 Nbd7 5. cxd5 exd5 6. Bg5 h6 7. Bh4 c6 8. e3
Be7 9. Qc2 O-O 10. Bd3 Re8 11. O-O Ne4 12. Bxe4 Bxh4 13. Bh7+ Kf8 14. Nxh4 Qxh4
15. Bd3 Qe7 16. Rfe1 Nf6 17. f3 Be6 18. Rad1 b6 19. Qf2 c5 20. Bb5 Red8 21. a4
g6 22. Bf1 Kg7 23. Rd2 Rac8 24. Red1 Rc7 25. Qg3 Bc8 26. Qe5 Bb7 27. Nb5 Rcd7
28. Nxa7 Ra8 29. Nb5 Rxa4 30. Nc3 Ra5 31. Bb5 Rc7 32. Kf2 Qxe5 33. dxe5 Ng8 34.
Be2 Ne7 35. f4 c4 36. Bf3 Rcc5 37. e4 dxe4 38. Rd7 Bc6 39. Rxe7 exf3 40. Rd6 Kf8
41. Rc7 Be8 42. Rb7 fxg2 43. Rd8 g5 44. Rbb8 gxf4 45. Rxe8+ Kg7 46. Rg8+ Kh7 47.
Ne4 Rc6 48. Nf6+ Rxf6 49. exf6 Rg5 50. Rxg5 hxg5 51. Kxg2 1-0

[Event "Titled Tue 27th May Early"]
[Site "chess.com INT"]
[Date "2025.05.27"]
[Round "9"]
[White "Iljin, Timofey"]
[Black "Sava, Robert-Gabriel"]
[Result "1-0"]
[WhiteTitle "IM"]
[BlackTitle "CM"]
[WhiteElo "2242"]
[BlackElo "2155"]
[WhiteFideId "14110180"]
[BlackFideId "1265725"]
[EventDate "2025.05.27"]

1. e4 e6 2. d4 d5 3. exd5 exd5 4. h3 c5 5. dxc5 Bxc5 6. Nc3 Ne7 7. Nf3 Nbc6 8.
Bd3 f6 9. O-O O-O 10. Bf4 Be6 11. Re1 Bf7 12. Qd2 Bd6 13. Rad1 Bxf4 14. Qxf4 Ng6
15. Bxg6 hxg6 16. h4 Rc8 17. Nb5 a6 18. Nbd4 Nxd4 19. Nxd4 Qc7 20. Qxc7 Rxc7 21.
c3 b5 22. Re3 Rb8 23. a3 a5 24. Rde1 b4 25. cxb4 axb4 26. a4 Rc4 27. Nb3 Rxh4
28. g3 Rc4 29. a5 d4 30. Rd3 Rc2 31. Nxd4 Rxb2 32. Nc6 Ra8 33. Rd7 Rc2 34. Nxb4
Rc5 35. Ree7 Bb3 36. Rxg7+ Kf8 37. Rh7 Rcxa5 38. Rh8+ Bg8 39. Nc6 Ra1+ 40. Kg2
Re8 41. Nd8 Rae1 42. Rf7# 1-0

[Event "Titled Tue 27th May Early"]
[Site "chess.com INT"]
[Date "2025.05.27"]
[Round "9"]
[White "Sahetchian, Armand"]
[Black "Manukian, Artak"]
[Result "0-1"]
[WhiteTitle "CM"]
[WhiteElo "2024"]
[BlackElo "2104"]
[WhiteFideId "607150"]
[BlackFideId "13301373"]
[EventDate "2025.05.27"]

1. d4 d6 2. e4 g6 3. Nc3 Bg7 4. Be2 a6 5. a4 Nd7 6. Nf3 c5 7. O-O cxd4 8. Nxd4
Ngf6 9. Be3 O-O 10. Kh1 Nc5 11. Bd3 Nfd7 12. f4 e6 13. Be2 Qc7 14. Bf3 Rb8 15.
a5 b5 16. axb6 Nxb6 17. f5 Nc4 18. Bc1 Nxb2 19. Bxb2 Rxb2 20. fxe6 fxe6 21. Nce2
e5 22. Nb3 Nxb3 23. cxb3 Be6 24. Rxa6 Bxb3 25. Qa1 Rc2 26. Ng3 Bc4 27. Ra7 Qc5
28. Rb1 Rxf3 29. gxf3 Qf2 30. Ra8+ Bf8 31. Rxf8+ Kxf8 32. Qa8+ Kg7 33. Rb7+ Bf7
34. Rxf7+ Kxf7 35. Qb7+ Kf6 36. Qb3 Qg2# 0-1

[Event "Titled Tue 27th May Early"]
[Site "chess.com INT"]
[Date "2025.05.27"]
[Round "9"]
[White "Gelman, Alexander"]
[Black "Piddubna, Bozhena"]
[Result "1-0"]
[WhiteTitle "IM"]
[BlackTitle "WFM"]
[WhiteElo "2403"]
[BlackElo "2174"]
[WhiteFideId "4118316"]
[BlackFideId "34109293"]
[EventDate "2025.05.27"]

1. d4 Nf6 2. Nc3 d5 3. Bf4 c6 4. f3 b5 5. e4 b4 6. Na4 dxe4 7. fxe4 Nxe4 8. Nf3
g6 9. Bd3 Nf6 10. Ne5 Bg7 11. Qf3 O-O 12. O-O-O Qa5 13. b3 Nd5 14. h4 Nc3 15. h5
Nxa4 16. bxa4 Qxa4 17. hxg6 fxg6 18. Bc4+ e6 19. Qh3 Qa3+ 20. Qxa3 bxa3 21. Bg5
Na6 22. Be7 Re8 23. Bxa3 Bxe5 24. dxe5 Nc7 25. Rd6 Nd5 26. Rxc6 Bb7 27. Bxd5
exd5 28. Rc7 Rac8 29. Rxb7 Rxe5 30. Rhxh7 Re1+ 31. Kd2 Re7 32. Rbxe7 1-0

[Event "Titled Tue 27th May Early"]
[Site "chess.com INT"]
[Date "2025.05.27"]
[Round "9"]
[White "Dubnevych, Maksym"]
[Black "Demchenko, Anton"]
[Result "1-0"]
[WhiteTitle "FM"]
[BlackTitle "GM"]
[WhiteElo "2292"]
[BlackElo "2619"]
[WhiteFideId "14184001"]
[BlackFideId "4160258"]
[EventDate "2025.05.27"]

1. Nc3 Nf6 2. e4 e5 3. d4 exd4 4. Qxd4 Nc6 5. Qd3 Bc5 6. Be2 O-O 7. Bg5 h6 8. h4
Be7 9. Qg3 Kh8 10. O-O-O d6 11. f4 Nh7 12. Bxe7 Nxe7 13. Nf3 b5 14. Ng5 b4 15.
Nb1 c6 16. f5 d5 17. Nxh7 Kxh7 18. Bd3 f6 19. exd5 cxd5 20. Rhe1 a5 21. Nd2 a4
22. Qe3 Nc6 23. Nf3 a3 24. b3 Bb7 25. g4 Qd6 26. g5 d4 27. Qd2 Qc5 28. Re6 Qc3
29. Qxc3 bxc3 30. Be4 Rac8 31. g6+ Kh8 32. Bxc6 Bxc6 33. Nxd4 Bb7 34. Nb5 Bf3
35. Rde1 Rc5 36. Nd6 Rd5 37. Re8 1-0

[Event "Titled Tue 27th May Early"]
[Site "chess.com INT"]
[Date "2025.05.27"]
[Round "9"]
[White "Protopopescu, Luca"]
[Black "Gong, Qianyun"]
[Result "1/2-1/2"]
[WhiteTitle "CM"]
[BlackTitle "WGM"]
[WhiteElo "2216"]
[BlackElo "2265"]
[WhiteFideId "651088894"]
[BlackFideId "8602425"]
[EventDate "2025.05.27"]

1. Nf3 c5 2. g3 Nc6 3. Bg2 e5 4. O-O d5 5. d3 Bd6 6. e4 d4 7. Ne1 Nge7 8. f4 f6
9. f5 Qc7 10. g4 Bd7 11. h4 O-O-O 12. a4 Rdf8 13. Na3 a6 14. Nc4 Kb8 15. a5 Nc8
16. Bd2 h5 17. g5 g6 18. fxg6 Bg4 19. Bf3 fxg5 20. Bxg5 Rhg8 21. Bxg4 Rxf1+ 22.
Kxf1 hxg4 23. h5 Qd7 24. Ng2 Be7 25. Qd2 g3 26. Bxe7 N8xe7 27. Qg5 Qh3 28. Qh4
Qe6 29. Qxg3 Nxg6 30. hxg6 Rxg6 31. Qh2 Rh6 32. Qg1 Qg4 33. Nd2 Rf6+ 34. Ke1 Nb4
35. Rc1 Qg3+ 36. Ke2 Qg4+ 37. Ke1 Rg6 38. Kf2 Qg3+ 39. Kf1 Nxc2 40. Qf2 Qxd3+
41. Kg1 Ne3 42. Qf8+ Ka7 43. Qxc5+ Ka8 44. Qf8+ Ka7 45. Qc5+ Ka8 46. Qc8+ Ka7
47. Qc5+ 1/2-1/2

[Event "Titled Tue 27th May Early"]
[Site "chess.com INT"]
[Date "2025.05.27"]
[Round "9"]
[White "Beniosev, Daniel"]
[Black "Cuellar Montes, Alejandro"]
[Result "0-1"]
[WhiteTitle "CM"]
[BlackTitle "CM"]
[WhiteElo "2010"]
[BlackElo "2173"]
[WhiteFideId "11632674"]
[BlackFideId "32096836"]
[EventDate "2025.05.27"]

1. e4 e5 2. Nf3 Nc6 3. Bc4 Bc5 4. c3 Nf6 5. d4 exd4 6. cxd4 Bb4+ 7. Nbd2 d5 8.
exd5 Nxd5 9. O-O O-O 10. a3 Ba5 11. h3 Bb6 12. Ne4 Bf5 13. Re1 h6 14. Nc5 Bc8
15. b4 Nce7 16. Ne5 a5 17. Bd2 axb4 18. axb4 Rxa1 19. Qxa1 Nf5 20. Qb2 c6 21.
Rd1 Nd6 22. Ba2 Nb5 23. Be3 Bc7 24. Bc4 Nxe3 25. fxe3 Bxe5 26. Bxb5 cxb5 27. Qe2
Bd6 28. Qxb5 Bxc5 29. bxc5 Qe7 30. Qb3 Bf5 31. Kf2 Be4 32. Rd2 Re8 33. d5 Qxc5
34. d6 Qg5 35. Qa4 Qxg2+ 36. Ke1 Qh1+ 37. Ke2 Bf3+ 38. Kf2 Qg2+ 39. Ke1 Qg1# 0-1

[Event "Titled Tue 27th May Early"]
[Site "chess.com INT"]
[Date "2025.05.27"]
[Round "9"]
[White "Schubert, Christian"]
[Black "Rose, Felix"]
[Result "0-1"]
[WhiteTitle "CM"]
[BlackTitle "CM"]
[WhiteElo "2203"]
[BlackElo "2093"]
[WhiteFideId "4604229"]
[BlackFideId "5105722"]
[EventDate "2025.05.27"]

1. e4 c5 2. c3 Nf6 3. e5 Nd5 4. d4 cxd4 5. Nf3 d6 6. cxd4 Nc6 7. Bc4 dxe5 8.
dxe5 Be6 9. O-O g6 10. Ng5 Bg7 11. Nxe6 fxe6 12. f4 O-O 13. Nc3 Qb6+ 14. Kh1 Nc7
15. Qe2 Na5 16. Be3 Qb4 17. Bd3 Nd5 18. Nxd5 exd5 19. a3 Qa4 20. b4 Nc6 21. Bc2
Qa6 22. b5 Qa5 23. bxc6 bxc6 24. Qd2 Qc7 25. Bc5 Rfe8 26. Qd4 e6 27. Rab1 Qd7
28. Rb3 Qc7 29. Rfb1 Qa5 30. Bb4 Qc7 0-1

[Event "Titled Tue 27th May Early"]
[Site "chess.com INT"]
[Date "2025.05.27"]
[Round "9"]
[White "Chiu, Isaac"]
[Black "Vaganian, Rafael A"]
[Result "0-1"]
[BlackTitle "GM"]
[WhiteElo "2226"]
[BlackElo "2449"]
[WhiteFideId "30900654"]
[BlackFideId "13300016"]
[EventDate "2025.05.27"]

1. d4 e6 2. Nf3 Nf6 3. c4 d5 4. Nc3 Be7 5. Bf4 O-O 6. e3 Nbd7 7. Rc1 c5 8. cxd5
Nxd5 9. Nxd5 exd5 10. dxc5 Nxc5 11. Be2 Qa5+ 12. Nd2 Ne4 13. a3 Bf6 14. b4 Qxa3
15. Nxe4 dxe4 16. O-O Rd8 17. Qc2 Qxb4 18. Bc7 Re8 19. Rb1 Qc3 20. Qxc3 Bxc3 21.
Rfc1 Be5 22. Bb5 Re6 23. Ba5 a6 24. Bc4 Rc6 25. Bd5 Rxc1+ 26. Rxc1 Rb8 27. Bb6
Bf5 28. Rc4 g6 29. h3 h5 30. Bc7 Bxc7 31. Rxc7 Be6 32. Bxe4 b5 33. Ra7 Rb6 34.
Kf1 b4 35. Ke2 b3 36. Kd2 b2 37. Bb1 Kg7 38. Kc3 Kf6 39. f4 Rb3+ 40. Kc2 Rxe3
41. Kxb2 Re2+ 42. Kc3 Rxg2 43. Rxa6 Rg3+ 44. Kd4 Rxh3 45. Ba2 Rg3 46. Bxe6 fxe6
47. Ke4 h4 48. Ra8 h3 49. Rh8 Ra3 50. Rh4 Ra4+ 51. Kf3 Kf5 52. Kg3 Ra3+ 53. Kh2
Rf3 54. Rh8 Kxf4 55. Rf8+ Kg4 56. Re8 Rf2+ 57. Kg1 Kg3 58. Rxe6 h2+ 59. Kh1 Rf1# 0-1